| 000 | 00376nam a2200145Ia 4500 | ||
|---|---|---|---|
| 008 | 191201s2012 xx 000 0 und d | ||
| 082 |
_a006.3 _bHAD |
||
| 100 | _aHAN,Jiawei | ||
| 245 | 0 | _aData Mining Concepts and Techniques | |
| 250 | _a2nd Rep | ||
| 260 |
_aN. Delhi _bMorgam Kaufmann Publshers, Elsevier _c2012 |
||
| 300 | _a701 | ||
| 650 | _aM.Tech(CSE) | ||
| 942 |
_2ddc _cBK |
||
| 999 |
_c5244 _d5244 |
||